Govt. of
Madhya Pradesh

MAX English Vocab (Record no. 68102)

MARC details
000 -LEADER
fixed length control field 00242nam a22001097a 4500
082 ## - DEWEY DECIMAL CLASSIFICATION NUMBER
Classification number 400
100 ## - MAIN ENTRY--AUTHOR NAME
Personal name Jaman,Hasanuj
245 ## - TITLE STATEMENT
Title MAX English Vocab
260 ## - PUBLICATION, DISTRIBUTION, ETC. (IMPRINT)
Place of publication Meerut UP
Name of publisher Arihant Pub.
Year of publication 2025
650 ## - SUBJECT ADDED ENTRY--TOPICAL TERM
Topical Term Language
942 ## - ADDED ENTRY ELEMENTS (KOHA)
Koha item type Competitive Books
Holdings
Withdrawn status Lost status Damaged status Not for loan Home library Current library Date acquired Cost, normal purchase price Full call number Accession Number Price effective from Koha item type
        MACL MACL 01/08/2025 399.00 400 DPI003694 01/08/2025 Competitive Books
        MACL MACL 01/08/2025 399.00 400 DPI003693 01/08/2025 Competitive Books